000
00209 a2200097 4500
001
48709
100
_a
Maj Solat Raza
245
_a
Kaacooliyat
260
_a
London
_b
Jang publishers
_c
090
_c
31622
_d
31622
942
_a
NUST-CAE
_c
M
_c
24028
999
_c
283782
_d
283782